Quel personnage disparait dans Avengers infinity war - Statistiques

Statistiques générales
  • Ce quiz a été pris 127 fois
  • Le résultat moyen est 8 sur 13
Statistiques - réponses
Personnage % Correct
1 Spider man
97%
6 Black Panther
81%
8 Groot
79%
11 Star-Lord
77%
10 Drax
71%
3 Dr Strange
69%
4 Scarlet Witch (wanda)
65%
9 Mantis
63%
5 Winter Soldier (Bucky)
63%
2 The Falcon
55%
12 Nick Fury
34%
7 Shuri
27%
13 Maria Hill
22%
Aucun quiz correspondant
Distribution des résultats
% des personnes avec chaque résultat
Percentile par nombre de réponses
Votre historique - résultats
Vous n’avez pas pris ce quiz